000 01312na a2200373 4500
001 15682
003 MIRAKIL
005 20181213154948.0
008 161020b tu 000 0
020 _a9755129359
035 _a15682
040 _aMilas
_btur
_cTR-AnCHP
041 _atur
082 _a956.101591992
_bB55a 2005
090 _a956.101591992 B55a 2005
100 _aBinark, İsmet
_d1941-
245 _aAsılsız Ermeni iddiaları ve Ermenilerin Türklere yaptıkları mezalim
_bYazılı arşiv belgeleri ve fotoğraflarla
_cİsmet Binark
246 _aErmeni iddiaları
246 _aErmenilerin Türklere yaptıkları mezalim
246 _aYazılı arşiv belgeleri ve fotoğraflarla Ermeni iddiaları
260 _aAnkara
_bAnkara Ticaret Odası
_c2005
300 _axx, 342 s.
_bfotğ. ; tbl.
_c20 sm.
490 _aAnkara Ticaret Odası yayını
_v16
500 _aYapıt Osmanlı Türkçesi metinler içerir.
504 _aKaynakça var.
650 _aSoykırım
_xBelgeler
_zErmenistan
650 _aErmeni soykırımı
_xBelgeler
650 _aErmeni sorunu
_xTarih
_yBelgeler
_zTürkiye
651 _aTürkiye
_xEtnik ilişkiler
_yErmeniler
651 _aTürkiye
_xTehcir kanunu
651 _aErmenistan
_xTarih
_yBelgeler
657 _aErmeni meselesi
942 _2ddc
_cBKS
999 _c3952
_d3952